Leyes de reconciliación en Chile: Amnistías, indultos y reparaciones. 1819-1999.

Guardat en:
Dades bibliogràfiques
Autor principal: Loveman, Brian (recopilación, interpretación)
Altres autors: Lira Kornfeld, Elizabeth (recopilación, interpretación)
Format: Llibre
Idioma:espanyol
Publicat: Santiago, Chile: Dibam; Universidad Jesuita Alberto Hurtado; Centro de Investigaciones Diego Barros Arana, 2001.
Col·lecció:Fuentes para la Historia de la República, Volumen XVII.
Matèries:
Etiquetes: Afegir etiqueta
Sense etiquetes, Sigues el primer a etiquetar aquest registre!

MARC

LEADER 00000nam a2200000 a 4500
001 UCL0646
003 CL-VaPUC
005 20220822114351.0
008 030801e20010000CL |||||||||||||||||spa|d
999 |c 304462  |d 304460 
020 |a 956-244-141-5 (título) 
020 |a 956-244-001-X (colección)  
040 |c Pontificia Universidad Católica de Valparaíso 
082 0 4 |a 320.983 LOV 2001  |2 21 
100 |a Loveman, Brian  |e recopilación   |e interpretación  |9 576386 
245 1 0 |a Leyes de reconciliación en Chile: Amnistías, indultos y reparaciones.  |b 1819-1999. 
260 |a Santiago, Chile:   |b Dibam;  |b Universidad Jesuita Alberto Hurtado;  |b Centro de Investigaciones Diego Barros Arana,  |c 2001. 
300 |a 339 páginas. 
490 0 |a Fuentes para la Historia de la República,  |v Volumen XVII.  
500 |a c.2 Donación Familia Prof. Alejandro Guzmán Brito. 
583 |a last modification  |c 20030801 00:00:00  |k Rodrigo Vera 
650 0 |a Historia política  |z Chile  |9 256974 
650 0 |a Política y gobierno  |z Chile  |9 255151 
650 0 |a Historia de Chile   |9 322385 
700 |a Lira Kornfeld, Elizabeth  |e recopilación   |e interpretación  |9 621801 
852 |a BIBCUR 
942 |c BK  |2 ddc  |n 0 
945 |d 20030801 00:00:00  |a cmena 
952 |0 0  |1 0  |2 ddc  |4 0  |6 320_983000000000000_LOV_2001  |7 0  |8 A  |9 366762  |a BIBHIS  |b BIBHIS  |d 2019-11-21  |i 3925935  |l 2  |m 1  |o 320.983 LOV 2001  |p 3925935  |r 2025-03-07  |s 2024-09-30  |t 1  |w 2019-11-21  |y BK  |k HIS 
952 |0 0  |1 0  |2 ddc  |4 0  |6 320_983000000000000_LOV_2001  |7 1  |8 C_AGB  |9 579864  |a BIBDER  |b BIBDER  |d 2021-12-27  |e Donación   |i 5631963  |o 320.983 LOV 2001  |p 5631963  |r 2023-01-25  |t 2  |w 2021-12-27  |y BK_US  |k AGB